Árabes de Norteamérica / (Record no. 181297)

MARC details
000 -LEADER
campo de control de longitud fija 01296nam a2200337 i 4500
001 - NÚMERO DE CONTROL
campo de control 181297
003 - IDENTIFICADOR DE NÚMERO DE CONTROL
campo de control ES-MaACL
005 - FECHA Y HORA DE LA ÚLTIMA TRANSACCIÓN
campo de control 20231009123606.0
008 - DATOS DE LONGITUD FIJA--INFORMACIÓN GENERAL
campo de control de longitud fija 121207s2011 sp | |||||||| | spa d
020 ## - NÚMERO INTERNACIONAL ESTÁNDAR DEL LIBRO
Número Internacional Estándar del Libro 978-84-615-5416-4
080 ## - NÚMERO DE LA CLASIFICACIÓN DECIMAL UNIVERSAL
Número de la Clasificación Decimal Universal 308-054.72(=411.21:73)
080 ## - NÚMERO DE LA CLASIFICACIÓN DECIMAL UNIVERSAL
Número de la Clasificación Decimal Universal 308-054.72(=411.21:71)
080 ## - NÚMERO DE LA CLASIFICACIÓN DECIMAL UNIVERSAL
Número de la Clasificación Decimal Universal 314.742(73)"18/19"
080 ## - NÚMERO DE LA CLASIFICACIÓN DECIMAL UNIVERSAL
Número de la Clasificación Decimal Universal 314.742(71)"18/19"
245 00 - MENCIÓN DEL TÍTULO
Título Árabes de Norteamérica /
Mención de responsabilidad, etc. Baha Abu-Laban, Rachad Antonius, Sharon McIrvin Abu-Lavan, Lisa Suhair Majaj, Helen Hatab Samhan, Michael W. Suleiman ; [edición de textos, Arantxa López ; traducciones, Marta Abuín González ... et al.].
250 ## - MENCION DE EDICION
Mención de edición 1ª ed.
260 ## - PUBLICACIÓN, DISTRIBUCIÓN, ETC.
Lugar de publicación, distribución, etc. Madrid :
Nombre del editor, distribuidor, etc. Casa Árabe-IEAM,
Fecha de publicación, distribución, etc. 2011.
300 ## - DESCRIPCIÓN FÍSICA
Extensión 146 p. ;
Dimensiones 22 cm.
490 1# - MENCIÓN DE SERIE
Mención de serie Biblioteca de Casa Árabe
504 ## - NOTA DE BIBLIOGRAFÍA, ETC.
Nota de bibliografía, etc. Bibliografía: p. 116-117.
650 #4 - PUNTO DE ACCESO ADICIONAL DE MATERIA--TÉRMINO DE MATERIA
Término de materia o nombre geográfico como elemento de entrada Árabes-
Subdivisión geográfica Estados Unidos.
9 (RLIN) 151915
650 #4 - PUNTO DE ACCESO ADICIONAL DE MATERIA--TÉRMINO DE MATERIA
Término de materia o nombre geográfico como elemento de entrada Árabes-
Subdivisión geográfica Canadá.
9 (RLIN) 151916
651 #4 - PUNTO DE ACCESO ADICIONAL DE MATERIA--NOMBRE GEOGRÁFICO
Nombre geográfico Estados Unidos-
Subdivisión general Inmigración-
Subdivisión de forma Historia.
9 (RLIN) 151917
651 #4 - PUNTO DE ACCESO ADICIONAL DE MATERIA--NOMBRE GEOGRÁFICO
Nombre geográfico Canadá-
Subdivisión general Inmigración-
Subdivisión de forma Historia.
9 (RLIN) 151918
700 1# - ENTRADA AGREGADA--NOMBRE PERSONAL
Nombre de persona Abu-Laban, Baha,
9 (RLIN) 151919
700 1# - ENTRADA AGREGADA--NOMBRE PERSONAL
Nombre de persona López, Arantxa.
9 (RLIN) 151920
830 0# - PUNTO DE ACCESO ADICIONAL DE SERIE-TÍTULO UNIFORME
Título uniforme Biblioteca de Casa Árabe
9 (RLIN) 191400
852 ## - LOCALIZACIÓN
Ubicación ES-MaACL
Número de control de estantería A-12354
itemnumber 188181
Sublocalización o colección R.148604
Ubicación en estantería Depósito 1
Signatura antigua Olim: N-5359
942 ## - ELEMENTOS DE ENTRADA SECUNDARIOS (KOHA)
Fuente del sistema de clasificación o colocación Clasificación decimal universal
Tipo de ítem Koha Libro impreso
Holdings
Estatus retirado Estado de pérdida Fuente del sistema de clasificación o colocación Estado de daño No para préstamo Biblioteca de origen Biblioteca actual Ubicación en estantería Fecha de adquisición Fuente de adquisición Total de préstamos Signatura topográfica completa Código de barras Visto por última vez Precio de reemplazo Tipo de ítem Koha
    Clasificación decimal universal     Biblioteca del Ateneo de Madrid Biblioteca del Ateneo de Madrid Depósito 1 07/12/2012 Donación   A-12359 1190520 23/02/2023 23/02/2023 Libro impreso